Catálogo
 En Linea

Cuestiones curiosas de ciencia. (Registro nro. 40078)

Detalles MARC
000 -CABECERA
campo de control de longitud fija 00480nam a2200169 a 4500
001 - NÚMERO DE CONTROL
campo de control 000040588
005 - FECHA Y HORA DE LA ÚLTIMA TRANSACCIÓN
campo de control 20201002034232.0
008 - DATOS DE LONGITUD FIJA--INFORMACIÓN GENERAL
campo de control de longitud fija 130902s2006 sp 001 0 spa d
020 ## - NÚMERO INTERNACIONAL ESTÁNDAR DEL LIBRO
Número Internacional Estándar del Libro 9788420660516
040 ## - FUENTE DE LA CATALOGACIÓN
Centro catalogador/agencia de origen DO-SdBNP
Lengua de catalogación spa
Centro/agencia transcriptor BHPHU
082 ## - NÚMERO DE LA CLASIFICACIÓN DECIMAL DEWEY
Número de clasificación xxxxx
Número de documento/Ítem xxx
245 00 - MENCIÓN DE TÍTULO
Título Cuestiones curiosas de ciencia.
260 ## - PUBLICACIÓN, DISTRIBUCIÓN, ETC.
Lugar de publicación, distribución, etc. Madrid, :
Nombre del editor, distribuidor, etc. Alianza editorial,
Fecha de publicación, distribución, etc. 2006.
300 ## - DESCRIPCIÓN FÍSICA
Extensión 270 pag. ;
Dimensiones 17 cm.
500 ## - NOTA GENERAL
Nota general incluye índice analítico
500 ## - NOTA GENERAL
Nota general es la cuarta reimpresion (2007)
Existencias
Estado de retiro Estado de pérdida Restricciones de uso No para préstamo Código de colección Localización permanente Ubicación/localización actual Ubicación en estantería Fecha de adquisición Número de inventario Total de préstamos Signatura topográfica completa Código de barras Fecha visto por última vez Precio válido a partir de Tipo de ítem Koha
      Excluido de préstamo Monografías: Libros y Folletos General General En catalogación 02.09.2013 LF1   xxxxx xxx 40588-10 25.06.2020 25.06.2020 No se presta

Con tecnología Koha